000
00323nam a2200133Ia 4500
008
150201s2006 xx 000 0 und d
082
_a
614.1
_b
D06G
100
_a
GROVER,JK
245
_a
DIAGNOSIS AND MGT. OF POISONING
250
_a
1ST
260
_b
PEEPEE
_a
DELHI
_c
2006
650
_a
FORENSIC MEDICINE
942
_2
ddc
_c
BK
_0
3
999
_c
611
_d
611